| 000 | 00930cam a2200289 4500 | ||
|---|---|---|---|
| 008 | 090401t1996 xxu||||| |||| 00| 0 eng d | ||
| 020 | _a1860810462 | ||
| 035 | _a(Sirsi) u59652 | ||
| 041 | _aeng | ||
| 050 | _a729.28 | ||
| 100 | _aLittlefair, P.J. | ||
| 245 | _aDesigning with innovative daylighting. | ||
| 260 |
_aGarston, Watford _bBuilding Research Establishment _c1996 |
||
| 300 | _av,66p. : ill. ; 30cm. | ||
| 350 | _a35 | ||
| 490 |
_aBRE Building Renewal _v305 |
||
| 520 | _aLooks at a number of innovative daylight systems, which work by redirecting incoming sunlight or skylight to areas where it is required. | ||
| 650 | _aDAYLIGHTING SYSTEMS | ||
| 650 | _aHELIOSTATS | ||
| 650 | _aINNOVATIVE DAYLIGHTING SYSTEMS | ||
| 650 | _aLIGHT SHELVES | ||
| 650 | _aSUNLIGHT-TRACKING SYSTEMS | ||
| 690 | _aBUILT ENVIRONMENT | ||
| 710 | _aBuilding Research Establishment | ||
| 942 | _n0 | ||
| 948 | _c04/03/1997 | ||
| 999 |
_c94172 _d94172 |
||